ぼくの好きな二次元コンテンツ楽曲 - Statistics

General Stats
  • This quiz has been taken 16 times
    11 since last reset
  • The average score is 7 of 71
Answer Stats
Hint Answer % Correct
葛城リーリヤ(花岩香奈) 学園アイドルマスター 白線
82%
豊川風花(末柄理恵) アイドルマスターミリオンライブ! bitter sweet
36%
南條光(神谷早矢佳) アイドルマスターシンデレラガールズ サイン・オブ・ホープ
27%
藍原椿(橋本ちなみ) オンゲキ 花時は夢を見る。
27%
サニーピース IDOLY PRIDE EVERYDAY! SUNNYDAY!
27%
ラピスリライツ・スターズ ラピスリライツ 私たちのSTARTRAIL
27%
スリーズブーケ 蓮ノ空女学院スクールアイドルクラブ 素顔のピクセル
18%
三嶋ゆらら(福原香織) ガールフレンド(仮) どろりん!ゆららいふ
18%
伊津村紫(小澤亜李) Re:ステージ! あのね
18%
マヒル(岡崎美保) MILGRAM 愛なんですよ
18%
金魚鉢たより(芹澤優) PrincessLetters! フロムアイドル ハジメテタヨリ
18%
Fool`s End IDOL舞SHOW オトメノソラ
18%
Z-A swing,sing Driving All Night
18%
温泉むすめ LUSH STAR☆ 温泉むすめ LUSH STAR☆
18%
サクラ*ティア CHARMS!! NICO*ICHI
18%
一ノ瀬澪(夏吉ゆうこ) 純潔-サフィニア- Rabbit Princess
18%
螢(大橋彩香) シャインポスト Sweet Surrender
18%
Asterline Tokyo 7th シスターズ Time Machine
18%
うたごえはミルフィーユ うたごえはミルフィーユ TREASURE
18%
キノシタ ft.YURiCa CHUNITHM 涙色メモリア
9%
ミウキャット(徳井青空)&フェスタ(久保ユリカ) アルマギア -Project- スカイメイカー
9%
MORE MORE JUMP! プロジェクトセカイ アイスドロップ
9%
Happy Around! D4DJ アバンチューールなサマーデーーイズ
9%
Pastel*Palettes BanG Dream! るんっ♪てぃてぃー!
9%
エルキュール・バートン(佐々木未来) 探偵オペラ ミルキィホームズ ヒロイン探偵物語
9%
東雲夏陽(日南結里) ひなビタ♪ ツーマンライブ
9%
青山吉能 Wake Up, Girls! 解放区
9%
SoLaMi♡SMILE プリパラ トライアングル・スター
9%
DOLLS 東京ドールズ 言の葉シンフォニー
9%
新居浜いずな(河原実里)、新居浜ありす(赤尾ひかる) 駅メモ よりそうメモリー※(「よりそう」と「メモリー」の間に半角スラッシュ2つ)
9%
愛城華恋(小山百代)&神楽ひかり(三森すずこ) 少女☆歌劇 レヴュースタァライト Dream of You
9%
郭神琳(星守紗凪) アサルトリリィ Everlasting
9%
Qace Cheer球部! ダイヤみたいなGLORY DAYS
9%
Go Go しちゅー's りばあす 笑顔で Go Go Go!!!
9%
アイマリン(内田彩)、アイウリン(三森すずこ)、アイワリン(竹達彩奈) アイマリンプロジェクト Marine Mirage
9%
犬吠埼紫杏(長谷川玲奈) 電音部 Prayer
9%
ROAD STAR`S コクドル! Route Mapping!
9%
御子白ユカリ(南條愛乃) ポールプリンセス!! Saintly Pride
9%
Azure Melodies project B-idol Shining Ray
9%
22/7 22/7 To goでよろしく!
9%
ホムラ(社本悠) from SPR5 消滅都市 微炭酸イノセンス
0%
ASTRAM AKROGLAM イルシオン
0%
ジャクリン(村川梨衣) SHOW BY ROCK!! はうあーゆー?
0%
烏丸理都(西明日香) アイドルデスゲームTV 雫に咲く花
0%
イロドリミドリ イロドリミドリ 君と、この瞬間
0%
AiRBLUE CUE! マイサスティナー
0%
ラナン(瀬戸奈保子) ゴシックは魔法乙女 トモシビ
0%
Blanc Bunny Bandit バンめし♪ 新世界ライオット
0%
メリメロマル あんさんぶるガールズ!! れっつめいく☆あんさんぶる!
0%
鈴木このみ 天華百剣 -斬- 全部君がいたから知ったんだ
0%
HUiT 八月のシンデレラナイン スタートライン、桜ひらり
0%
虹川仁衣菜(指出毬亜) Hop Step Sing! アストラル・ピース
0%
曜日キメリオ キメラプロジェクト リリシニウム・ビブリオラ
0%
春野瑞希(星谷美緒)&倉持望海(咲々木瞳) タイバン! トキメキスター☆ソーダ
0%
米澤円 アイドルうぉーず Brand New Diva.
0%
ゆめふわマカロン CARAVAN STORIES 夏色Dreamer
0%
メモリア アイドルコネクト-AsteriskLive- Flower Tune
0%
岸田夏海(南條愛乃) グリモア~私立グリモワール魔法学院~ Focus!
0%
筆島しぐれ(吉岡麻耶) ワールドダイスター Forbidden Fruit Addiction
0%
ガールズフィスト!!!! ガールズフィスト!!!! Full of Lies
0%
SMILE♥X アイドル事変 ときめき Full Throttle
0%
紅澤風花(三澤紗千香)、氷見紫月(相坂優歌)&白鷺芽音(太田彩華) ◬TUNES Future PROMISE -結束- /Future PROMISE -交情-
0%
Daystar 星空のアルテット I'm a color
0%
April4 BATON=RELAY MAJI de MAGIA
0%
Princess バトルガールハイスクール Pop☆Girls!
0%
橘直美(大空直美) オルタナティブガールズ Runner's 爽快!
0%
松田彩希 イロアワセ SiKI
0%
結城秋葉(日岡なつみ)、川口夏海(川井田夏海)、伊澄いずみ(藤川茜) ときめきアイドルProject Smiling Passion
0%
桜木ひなた(社本悠)、水瀬鈴音(天野聡美) 8 beat Story♪ Sunny Color
0%
千歳ハル(沼倉愛美) 音楽少女 The Sixteen
0%
キルxユアxアイドル モンソニ キルxキラxkiller★
0%
No matching quizzes found
Score Distribution
Percent of People with Each Score
Percentile by Number Answered
Your Score History
You have not taken this quiz since the last reset